000 00423 a2200169 4500
003 Nust
005 20240119105151.0
020 _a0710502508
040 _cNust
082 _a004.03,BEN
100 _aHaddock,peter
_9119966
245 _aThe New Colour picture Dictionary for Children /
_cArchie Bennett
260 _aRussia
_bPeter Haddock Ltd
300 _a251
700 _4Dictionary
942 _2ddc
_cBK
_k004.03,BEN
999 _c176175
_d176175